01020nam a2200241Ia 4500001000600000003000900006008004100015040001300056040001300069041001300082100002100095100002900116245006400145245005500209250001100264260001100275260001700286260004900303300005900352500029300411650004300704650003100747B3994IT-RoPAU130308s9999 xx 000 0 und d aIT-RoPAU cIT-RoPAU aSPAGNOLO aMonsivais Carlos gCodice Aut. SPICS: 38013 aCultura popular en el ambito urbano (La): el caso de Mexico bComunicacion Y Culturas populares En Latinoamerica a1a ed. aMEXICO bGustavo Gili c1987 [1° Ed.:1987 - Ed.Ling.Originale:1987] a"21 p. (prefazione: no ; testo: 21 [pagine: 113-133])" aCultura Popolare in Ambito Urbano: Caso di Mexico. Alcuni Elementi della Cultura Urbana. Specificità della Cultura Urbana. Differenze e Somiglianze tra Il Popolare urbano e Rurale. Effetto dell'industria Culturale Sulla Cultura Popolate Urbana. Cultura Popolare urbana ed Emarginazione. aSOCIOLOGIA DELLA COMUNICAZIONE SOCIALE eCodice materia Spics: 3806